000 00287nam a2200121Ia 4500
008 190216s9999||||xx |||||||||||||| ||und||
100 _aNayantara Sahgal
245 0 _aFrom Fear Set Free
260 _bOrient Paper Books
_c1962
300 _a195
650 _aEnglish Essay
942 _cBK
999 _c12168
_d12168